| 000 | 01356cam a2200313Ia 4500 | ||
|---|---|---|---|
| 020 | _a9251047197 (v. 1) | ||
| 020 | _a9251047227 (v. 2) | ||
| 020 | _a9251047162 (v. 3) | ||
| 020 | _a925105245X (v. 4) | ||
| 040 | _cJHE | ||
| 082 | 0 | 4 | _a632 FAU 2001 C151 Or. |
| 100 | 1 | _aWiles, T. L | |
| 245 | 1 | 0 | _aGuidelines on minimum requirements for agricultural pesticide application equipment |
| 246 | 1 | 7 | _aAgricultural pesticide application equipment : minimum requirements |
| 260 |
_aRome : _bFood and Agriculture Organization of the United Nations, _c2001- |
||
| 300 |
_av. : _bill. ; _c21 cm |
||
| 500 | _aVol. 1-3: "These guidelines were prepared by T.L. Wiles and D.G. Sharp, of T.L. Wiles and Associates Limited ... with the assistance of Professor G.A. Matthews ..."--Acknowledgements | ||
| 500 | _aVol. 4- : "These guidelines were prepared by Hans Dobson of the Natural Resources Institute, UK ... assistance was provided by Mamoon Al Alawi ... and Mohammed Ishfaque ..."--Acknowledgements | ||
| 650 | 0 | _aSpraying and dusting in agriculture | |
| 650 | 0 | _aSpraying equipment | |
| 650 | 0 | _aPesticides | |
| 700 | 1 | _aSharp, D. G | |
| 700 | 1 | _aMatthews, G. A | |
| 700 | 1 | _aDobson, Hans | |
| 700 | 1 | _aAl Alawi, Mamoon | |
| 700 | 1 | _aIshfaque, Mohammed | |
| 710 | 2 | _aFood and Agriculture Organization of the United Nations | |
| 942 | _cAEDBB | ||
| 999 |
_c18730 _d18730 |
||